Geography of Ireland Quiz - Statistics

General Stats
  • This quiz has been taken 41 times
  • The average score is 11 of 20
Answer Stats
Hint Answer % Correct
What is the name of Ireland's capital and largest city? Dublin
100%
Which sea lies between Ireland and Britain? Irish Sea
86%
Which river flows through the above city? Liffey
84%
This river is the longest in the country and flows through 11 counties. Shannon
78%
The largest city in Northern Ireland, home of the shipyards that built the Titanic and the Olympic. Belfast
70%
These cliffs in the southwest of Ireland bring in over a million tourists per year. What are they called? Cliffs of Moher
62%
The largest lake on the island of Ireland, covering 383 square kilometres. Lough Neagh
62%
Which material, made from decomposing plant matter, can be found in Irish bogs? Peat
62%
This county is known as the "Garden County", and has the most forest cover of any county. Wicklow
59%
This county in the Republic of Ireland contains the northernmost point on the island. Donegal
57%
There are several majority Irish-speaking regions of the country, mostly concentrated in the west of Ireland. What are they called? Gaeltacht
51%
This river flows through the town of Drogheda and was the site of a major battle in 1690. Boyne
43%
This current from the Atlantic warms Ireland. What is its name? Gulf stream
43%
One of the least populated counties in Ireland, it's the only county that cannot be crossed by road without leaving its boundaries. Leitrim
38%
Which motorway runs around Dublin city? M50
35%
A park in Dublin featuring Dublin Zoo, the Wellington Monument and about 600 deer. Phoenix Park
35%
On which island in Ireland was a Star Wars movie filmed in 2015? Skellig Michael
32%
The tallest mountain in Ireland, located in County Kerry. Carrauntoohil
27%
This suburb of Dublin is the wealthiest town in Ireland by median household income. Malahide
24%
New Ireland is a tropical island in which country? Papua New Guinea
24%
No matching quizzes found
Score Distribution
Percent of People with Each Score
Percentile by Number Answered
Your Score History
You have not taken this quiz